000 00427nam a2200181Ia 4500
001 15377
005 20260306170151.0
008 260306t1992||||xx |||||||||||||| ||und||
041 _aESP
082 _a537
_bC91 V. 2
100 _aCroft, Terrell
_eAUT
245 0 _aManual del montador electricista
260 _c1992
300 _a107 páginas :
_c21 cm.
650 _aGEN
654 _aCCN
942 _cLIB
_dJUS
_fJUS
_2ddc
_n
999 _c15377
_d15377